Introduction to fungi (Record no. 14674)

MARC details
000 -LEADER
fixed length control field 00486nam a2200181Ia 4500
008 - FIXED-LENGTH DATA ELEMENTS--GENERAL INFORMATION
fixed length control field 230917s9999||||xx |||||||||||||| ||und||
020 ## - ISBN
Price RS1495
040 ## - CATALOGING SOURCE
-- 224825
Original cataloging agency VIVEKANANDA LIBRARY
041 ## - Language
-- English
082 ## - DDC NUMBER
Classification number 589.2 W394I(3)
100 ## - MAIN ENTRY--PERSONAL NAME
Personal name Webster, John
245 #0 - TITLE STATEMENT
Title Introduction to fungi
250 ## - EDITION STATEMENT
Edition statement 3rd ed.
260 ## - PUBLICATION, DISTRIBUTION, ETC. (IMPRINT)
Place of publication, distribution, etc New Delhi
Name of publisher, distributor, etc Cambridge University Press India
Date of publication, distribution, etc 2007
300 ## - PHYSICAL DESCRIPTION
Pages xviii, 841 p.
500 ## - GENERAL NOTE
General note 1967 10/02/2015 PBD11678 11/02/2015 Main Budget
942 ## - ADDED ENTRY ELEMENTS (KOHA)
Koha item type Books
Holdings
Withdrawn status Lost status Damaged status Not for loan Location (home branch) Sublocation or collection (holding branch) Date acquired Koha issues (times borrowed) Koha full call number Accession No. Koha date last seen Koha item type
        VIVEKANANDA LIBRARY VIVEKANANDA LIBRARY 24/03/2015   589.2 W394I(3) 337969 17/09/2023 Books
        VIVEKANANDA LIBRARY VIVEKANANDA LIBRARY 24/03/2015   589.2 W394I(3) 337970 17/09/2023 Books
© Designed and Maintained by Vivekananda Library, MDU Rohtak